Les podiums des championnats d'Europe d'athlétisme - salle & plein air - Statistiques

Statistiques générales
  • Ce quiz a été pris 23 fois
  • Le résultat moyen est 184 sur 202
Statistiques - réponses
% Correct
1986 En salle 3e nation Espagne
100%
1996 En salle 2e nation Espagne
100%
2002 En plein air 2e nation Espagne
100%
2002 En salle 2e nation Espagne
100%
2019 En salle 3e nation Espagne
100%
2022 En plein air 3e nation Espagne
100%
1950 En plein air 3e nation France
100%
1970 En salle 3e nation France
100%
1972 En salle 3e nation France
100%
1981 En salle 2e nation ex-aequo France
100%
1987 En salle 3e nation France
100%
1996 En salle 3e nation France
100%
2005 En salle 3e nation France
100%
2006 En plein air 3e nation France
100%
2009 En salle 3e nation ex-aequo France
100%
2010 En plein air Meilleure nation France
100%
2011 En salle Meilleure nation France
100%
2012 En plein air 2e nation France
100%
2013 En salle 2e nation France
100%
2014 En plein air 2e nation France
100%
2015 En salle 2e nation France
100%
2024 En plein air 2e nation France
100%
1978 En plein air 3e nation Italie
100%
1982 En salle 3e nation Italie
100%
1992 En salle 3e nation Italie
100%
2007 En salle 2e nation Italie
100%
2009 En salle 3e nation ex-aequo Italie
100%
2024 En plein air Meilleure nation Italie
100%
1934 En plein air 3e nation Pays-Bas
100%
1988 En salle 3e nation Pays-Bas
100%
2021 En salle Meilleure nation Pays-Bas
100%
2023 En salle 2e nation Pays-Bas
100%
1938 En plein air 3e nation Royaume-Uni
100%
1950 En plein air Meilleure nation Royaume-Uni
100%
1962 En plein air 2e nation Royaume-Uni
100%
1967 En salle 3e nation Royaume-Uni
100%
1968 En salle 3e nation Royaume-Uni
100%
1969 En plein air 3e nation Royaume-Uni
100%
1974 En plein air 3e nation Royaume-Uni
100%
1975 En salle 3e nation Royaume-Uni
100%
1977 En salle 2e nation Royaume-Uni
100%
1982 En plein air 3e nation Royaume-Uni
100%
1985 En salle 2e nation Royaume-Uni
100%
1986 En plein air 3e nation Royaume-Uni
100%
1989 En salle 3e nation Royaume-Uni
100%
1990 En plein air 2e nation Royaume-Uni
100%
1990 En salle 3e nation Royaume-Uni
100%
1994 En plein air 2e nation Royaume-Uni
100%
1994 En salle 2e nation Royaume-Uni
100%
1998 En plein air Meilleure nation Royaume-Uni
100%
2002 En plein air 3e nation Royaume-Uni
100%
2007 En salle Meilleure nation Royaume-Uni
100%
2010 En plein air 3e nation Royaume-Uni
100%
2013 En salle 3e nation Royaume-Uni
100%
2014 En plein air Meilleure nation Royaume-Uni
100%
2015 En salle 3e nation Royaume-Uni
100%
2016 En plein air 3e nation Royaume-Uni
100%
2017 En salle 2e nation Royaume-Uni
100%
2018 En plein air Meilleure nation Royaume-Uni
100%
2019 En salle 2e nation Royaume-Uni
100%
2021 En salle 3e nation Royaume-Uni
100%
2022 En plein air 2e nation Royaume-Uni
100%
2023 En salle 3e nation Royaume-Uni
100%
2024 En plein air 3e nation Royaume-Uni
100%
1994 En plein air Meilleure nation Russie
100%
1994 En salle Meilleure nation Russie
100%
1998 En plein air 3e nation Russie
100%
1998 En salle 2e nation Russie
100%
2000 En salle Meilleure nation Russie
100%
2002 En plein air Meilleure nation Russie
100%
2002 En salle Meilleure nation Russie
100%
2005 En salle Meilleure nation Russie
100%
2006 En plein air Meilleure nation Russie
100%
2009 En salle Meilleure nation Russie
100%
2010 En plein air 2e nation Russie
100%
2011 En salle 2e nation Russie
100%
2013 En salle Meilleure nation Russie
100%
2015 En salle Meilleure nation Russie
100%
1934 En plein air Meilleure nation Allemagne
94%
1938 En plein air Meilleure nation Allemagne
94%
1958 En plein air 3e nation Allemagne
94%
1962 En plein air 3e nation Allemagne
94%
1966 En plein air Meilleure nation Allemagne
94%
1966 En salle Meilleure nation Allemagne
94%
1967 En salle 2e nation Allemagne
94%
1968 En salle 2e nation Allemagne
94%
1969 En plein air Meilleure nation Allemagne
94%
1969 En salle Meilleure nation Allemagne
94%
1970 En salle 2e nation Allemagne
94%
1971 En plein air Meilleure nation Allemagne
94%
1971 En salle 2e nation Allemagne
94%
1972 En salle Meilleure nation Allemagne
94%
1973 En salle Meilleure nation Allemagne
94%
1974 En plein air Meilleure nation Allemagne
94%
1974 En salle 2e nation Allemagne
94%
1975 En salle Meilleure nation Allemagne
94%
1976 En salle 2e nation Allemagne
94%
1977 En salle Meilleure nation Allemagne
94%
1978 En plein air 2e nation Allemagne
94%
1978 En salle Meilleure nation Allemagne
94%
1979 En salle Meilleure nation Allemagne
94%
1980 En salle Meilleure nation Allemagne
94%
1981 En salle Meilleure nation Allemagne
94%
1982 En plein air Meilleure nation Allemagne
94%
1982 En salle Meilleure nation Allemagne
94%
1983 En salle 2e nation Allemagne
94%
1984 En salle 2e nation Allemagne
94%
1985 En salle Meilleure nation Allemagne
94%
1986 En plein air Meilleure nation Allemagne
94%
1986 En salle Meilleure nation Allemagne
94%
1987 En salle Meilleure nation Allemagne
94%
1988 En salle Meilleure nation Allemagne
94%
1989 En salle Meilleure nation Allemagne
94%
1990 En plein air Meilleure nation Allemagne
94%
1990 En salle 2e nation Allemagne
94%
1994 En plein air 3e nation Allemagne
94%
1994 En salle 3e nation Allemagne
94%
1996 En salle Meilleure nation Allemagne
94%
1998 En plein air 2e nation Allemagne
94%
1998 En salle Meilleure nation Allemagne
94%
2000 En salle 3e nation Allemagne
94%
2006 En plein air 2e nation Allemagne
94%
2009 En salle 2e nation Allemagne
94%
2011 En salle 3e nation Allemagne
94%
2012 En plein air Meilleure nation Allemagne
94%
2014 En plein air 3e nation Allemagne
94%
2016 En plein air 2e nation Allemagne
94%
2017 En salle 3e nation Allemagne
94%
2018 En plein air 3e nation Allemagne
94%
2022 En plein air Meilleure nation Allemagne
94%
1946 En plein air 2e nation * URSS
88%
1950 En plein air 2e nation * URSS
88%
1954 En plein air Meilleure nation * URSS
88%
1958 En plein air Meilleure nation * URSS
88%
1962 En plein air Meilleure nation * URSS
88%
1966 En plein air 3e nation * URSS
88%
1966 En salle 2e nation * URSS
88%
1967 En salle Meilleure nation * URSS
88%
1968 En salle Meilleure nation * URSS
88%
1969 En plein air 2e nation * URSS
88%
1969 En salle 3e nation * URSS
88%
1970 En salle Meilleure nation * URSS
88%
1971 En plein air 2e nation * URSS
88%
1971 En salle Meilleure nation * URSS
88%
1972 En salle 2e nation * URSS
88%
1974 En plein air 2e nation * URSS
88%
1974 En salle 3e nation * URSS
88%
1975 En salle 2e nation * URSS
88%
1976 En salle Meilleure nation * URSS
88%
1978 En plein air Meilleure nation * URSS
88%
1978 En salle 2e nation * URSS
88%
1979 En salle 2e nation * URSS
88%
1980 En salle 3e nation * URSS
88%
1982 En plein air 2e nation * URSS
88%
1982 En salle 2e nation * URSS
88%
1983 En salle Meilleure nation * URSS
88%
1984 En salle 3e nation * URSS
88%
1985 En salle 3e nation * URSS
88%
1986 En plein air 2e nation * URSS
88%
1986 En salle 2e nation * URSS
88%
1987 En salle 2e nation * URSS
88%
1988 En salle 2e nation * URSS
88%
1989 En salle 2e nation * URSS
88%
1990 En plein air 3e nation * URSS
88%
1990 En salle Meilleure nation * URSS
88%
2023 En salle Meilleure nation Norvège
82%
2021 En salle 2e nation Portugal
82%
1946 En plein air Meilleure nation Suède
82%
2005 En salle 2e nation Suède
82%
2007 En salle 3e nation Suède
82%
1934 En plein air 2e nation Finlande
76%
1938 En plein air 2e nation Finlande
76%
1946 En plein air 3e nation Finlande
76%
1978 En salle 3e nation Finlande
76%
1958 En plein air 2e nation Pologne
76%
1966 En plein air 2e nation Pologne
76%
1969 En salle 2e nation Pologne
76%
1971 En salle 3e nation Pologne
76%
1973 En salle 3e nation Pologne
76%
1974 En salle Meilleure nation Pologne
76%
1977 En salle 3e nation Pologne
76%
1979 En salle 3e nation Pologne
76%
1980 En salle 2e nation Pologne
76%
1981 En salle 2e nation ex-aequo Pologne
76%
1998 En salle 3e nation Pologne
76%
2002 En salle 3e nation Pologne
76%
2016 En plein air Meilleure nation Pologne
76%
2017 En salle Meilleure nation Pologne
76%
2018 En plein air 2e nation Pologne
76%
2019 En salle Meilleure nation Pologne
76%
2012 En plein air 3e nation Ukraine
71%
1954 En plein air 3e nation Hongrie
65%
1966 En salle 3e nation Hongrie
65%
1992 En salle 2e nation Roumanie
65%
1954 En plein air 2e nation * Tchécoslovaquie
65%
1971 En plein air 3e nation * Tchécoslovaquie
65%
1983 En salle 3e nation * Tchécoslovaquie
65%
1984 En salle Meilleure nation * Tchécoslovaquie
65%
2000 En salle 2e nation Tchéquie
59%
1973 En salle 2e nation Bulgarie
47%
1976 En salle 3e nation Bulgarie
47%
1992 En salle Meilleure nation * CEI
0%
Aucun quiz correspondant
Distribution des résultats
% des personnes avec chaque résultat
Percentile par nombre de réponses
Votre historique - résultats
Vous n’avez pas pris ce quiz